[Event "19e tournoi de Noël"]
[Site "Montigny le Bretonneux"]
[Date "2018.12.28"]
[Round "3.11"]
[White "Chaintreau, Thomas"]
[Black "Benbakir, Ameur"]
[Result "1-0"]
[WhiteElo "1402"]
[BlackElo "1619"]
[Annotator "Rivier,Sylvain"]
[PlyCount "83"]
[EventDate "2018.??.??"]

{Défense est-indienne} 1. d4 Nf6 2. c4 g6 3. Nc3 Bg7 4. e4 d6 5. Be2 O-O 6. Be3
Nbd7 7. Qd2 e5 8. g4 exd4 9. Bxd4 Qe7 10. Nd5 Nxd5 11. Bxg7 Kxg7 12. exd5 Re8
13. O-O-O Nc5 14. f3 Bd7 15. h4 Ba4 16. b3 Bxb3 17. Qc3+ Kg8 18. axb3 a5 19. h5
a4 20. b4 Nb3+ 21. Kb2 Qg5 22. h6 f6 23. Rf1 Qf4 24. Bd3 Re3 25. Nh3 Qd4 26.
Qxd4 Nxd4 27. Rd1 Nxf3 28. Nf4 a3+ 29. Ka2 g5 30. Ne6 Ne5 31. Bf5 Nxc4 32. Rc1
b5 33. Nxc7 Ra4 34. Be6+ Kf8 35. Rhf1 Rxb4 36. Rxf6+ Ke7 37. Rf7+ Kd8 38. Nxb5
Rb2+ 39. Ka1 Reb3 40. Rd7+ Ke8 41. Nc7+ Kf8 42. Rf1+ 1-0

[Event "19e tournoi de Noël"]
[Site "Montigny le Bretonneux"]
[Date "2018.12.28"]
[Round "3.12"]
[White "Vadillo, Torre Ismael"]
[Black "Gabard, Adrien"]
[Result "1-0"]
[WhiteElo "1616"]
[BlackElo "1494"]
[Annotator "Rivier,Sylvain"]
[PlyCount "119"]
[EventDate "2018.??.??"]

{Défense hollandaise, variante de Leningrad} 1. d4 f5 2. c4 g6 3. Nf3 Nf6 4.
Nc3 Bg7 5. g3 O-O 6. Bg2 d6 7. O-O c6 8. Re1 Bd7 9. d5 c5 10. Ng5 Qc8 11. Ne6
Bxe6 12. dxe6 Nc6 13. Nd5 Kh8 14. Bg5 Rb8 15. Bxf6 Bxf6 16. Nxf6 Rxf6 17. Bd5
Nd4 18. e4 Nxe6 19. exf5 Nd4 20. Rxe7 Qxf5 21. Qd2 Nf3+ 22. Bxf3 Qxf3 23. Rae1
Rbf8 24. R1e2 Qf5 25. Qe1 Qf3 26. R7e3 Qg4 27. b3 a6 28. Re8 Qf3 29. Rxf8+ Rxf8
30. Re7 Rf7 31. Qa1+ Kg8 32. Re8+ Rf8 33. Qe1 Rxe8 34. Qxe8+ Qf8 35. Qe6+ Kh8
36. Qd7 b5 37. cxb5 axb5 38. Qxb5 Qe7 39. Qc4 Qe5 40. Kf1 Qa1+ 41. Kg2 Qxa2 42.
Qc3+ Kg8 43. Qc4+ Kg7 44. Qc3+ Kh6 45. Qe3+ Kg7 46. Qe7+ Kh6 47. Qf8+ Kh5 48.
Qxd6 Qxb3 49. Qxc5+ Kh6 50. Qe3+ Qxe3 51. fxe3 Kg5 52. Kf3 Kf5 53. h4 h5 54.
e4+ Ke5 55. Ke3 Kf6 56. Kf4 Ke6 57. e5 Kf7 58. Kg5 Ke6 59. Kxg6 Kxe5 60. Kxh5
1-0

[Event "19e tournoi de Noël"]
[Site "Montigny le Bretonneux"]
[Date "2018.12.28"]
[Round "3.13"]
[White "Plancade, Philajit"]
[Black "Couradin, Bruno"]
[Result "1/2-1/2"]
[WhiteElo "1154"]
[BlackElo "1610"]
[Annotator "Rivier,Sylvain"]
[PlyCount "70"]
[EventDate "2018.??.??"]

{Partie italienne} 1. e4 e5 2. Nf3 Nc6 3. Bc4 Bc5 4. O-O Nf6 5. Nc3 O-O 6. d3
h6 7. Be3 Bxe3 8. fxe3 d6 9. Qd2 Na5 10. Bb3 Nxb3 11. axb3 c5 12. Nd5 Be6 13.
Nxf6+ Qxf6 14. Nd4 Qe7 15. Nf5 Qd7 16. Qf2 Kh7 17. Qg3 Bxf5 18. exf5 Rae8 19.
Qf3 d5 20. e4 dxe4 21. Qxe4 Qd4+ 22. Qxd4 exd4 23. Rxa7 Re2 24. Rf2 Rfe8 25.
Rxb7 Kg8 26. Rc7 R2e5 27. c3 dxc3 28. bxc3 Rb8 29. d4 cxd4 30. cxd4 Rd5 31. Rb2
Rxd4 32. Rc1 Rdb4 33. Rc3 R8b5 34. Rf3 Kf8 35. Kf2 Ke7 1/2-1/2

[Event "19e tournoi de Noël"]
[Site "Montigny le Bretonneux"]
[Date "2018.12.28"]
[Round "3.14"]
[White "Privat, Jean-Claude"]
[Black "Fruchard, Alois"]
[Result "1/2-1/2"]
[WhiteElo "1602"]
[BlackElo "1411"]
[Annotator "Rivier,Sylvain"]
[PlyCount "43"]
[EventDate "2018.??.??"]

{Défense est-indienne, variante classique} 1. d4 Nf6 2. c4 g6 3. Nc3 Bg7 4. e4
d6 5. Nf3 O-O 6. Be2 Nbd7 7. O-O Re8 8. Bf4 c5 9. d5 Ng4 10. Qd2 Nge5 11. Nxe5
Nxe5 12. Bg3 f5 13. f3 Rf8 14. Bf4 fxe4 15. fxe4 Ng4 16. Bxg4 Bxg4 17. Bh6 Rf6
18. Bxg7 Kxg7 19. Rxf6 exf6 20. Qf4 Bh5 21. Rf1 Qe7 22. Rf2 1/2-1/2

[Event "19e tournoi de Noël"]
[Site "Montigny le Bretonneux"]
[Date "2018.12.28"]
[Round "3.15"]
[White "Ben Hamouda, Catherine"]
[Black "Mongey, Alain"]
[Result "0-1"]
[WhiteElo "1010"]
[BlackElo "1573"]
[Annotator "Rivier,Sylvain"]
[PlyCount "34"]
[EventDate "2018.??.??"]

{Défense sicilienne, système fermé} 1. e4 c5 2. Nc3 Nc6 3. g3 g6 4. Bg2 Bg7 5.
d3 d6 6. f4 Nf6 7. Nf3 O-O 8. O-O Bg4 9. Be3 Rb8 10. Qd2 Qc8 11. Ne1 Bh3 12.
Rb1 Bxg2 13. Nxg2 Qh3 14. Rf3 Ng4 15. Kf1 Nxh2+ 16. Kf2 Nxf3 17. Nd5 Nxd2 0-1

[Event "19e tournoi de Noël"]
[Site "Montigny le Bretonneux"]
[Date "2018.12.28"]
[Round "3.16"]
[White "Touiller, Thibault"]
[Black "Couradin, Jean-Marie"]
[Result "0-1"]
[WhiteElo "1087"]
[BlackElo "1563"]
[Annotator "Rivier,Sylvain"]
[PlyCount "136"]
[EventDate "2018.??.??"]

{Défense ouest-indienne} 1. d4 Nf6 2. c4 e6 3. Nc3 b6 4. Bg5 Bb7 5. e3 Be7 6.
Nf3 O-O 7. Bd3 d5 8. O-O h6 9. Bf4 Nbd7 10. Rc1 a6 11. Ne2 c5 12. Qb3 dxc4 13.
Qxc4 b5 14. Qc3 c4 15. Bb1 Rc8 16. b4 Nd5 17. Qc2 N7f6 18. Bg3 Nxb4 19. Qb2 Be4
20. Ne5 Bxb1 21. Qxb1 Qa5 22. Nc3 Nbd5 23. Nxd5 exd5 24. f3 Bb4 25. Be1 Bd2 26.
Bxd2 Qxd2 27. Rfe1 Rfe8 28. Rcd1 Qa5 29. e4 Qb6 30. exd5 Nxd5 31. Qf5 Qe6 32.
Qxe6 Rxe6 33. Rc1 Rce8 34. Kf2 Nb4 35. a3 Rxe5 36. axb4 Rxe1 37. Rxe1 Rxe1 38.
Kxe1 f5 39. Kd2 Kf7 40. g4 f4 41. h4 g5 42. hxg5 hxg5 43. Kc2 Ke6 44. Kd2 Kd6
45. Kc2 Kc6 46. Kb2 Kb6 47. d5 Kc7 48. Kc3 Kd6 49. Kd4 Kd7 50. Kc3 Kd6 51. Kd4
c3 52. Kxc3 Kxd5 53. Kd3 Kc6 54. Kd4 Kb6 55. Kc3 a5 56. bxa5+ Kxa5 57. Kb3 b4
58. Kc2 Ka4 59. Kb2 b3 60. Kb1 Kb4 61. Kb2 Kc4 62. Kb1 Kc3 63. Kc1 Kd3 64. Kb2
Ke3 65. Kxb3 Kxf3 66. Kb2 Kxg4 67. Ka3 f3 68. Kb4 f2 0-1

[Event "19e tournoi de Noël"]
[Site "Montigny le Bretonneux"]
[Date "2018.12.28"]
[Round "3.17"]
[White "Saint-Leger, Stephane"]
[Black "Baltzer, Jean-Marc"]
[Result "1-0"]
[WhiteElo "1399"]
[BlackElo "1388"]
[Annotator "Rivier,Sylvain"]
[PlyCount "137"]
[EventDate "2018.??.??"]

{Début Larsen} 1. b3 e5 2. Bb2 Nc6 3. e3 d5 4. Bb5 Bd6 5. f4 Qe7 6. Nf3 Bg4 7.
fxe5 Bxe5 8. Bxe5 Bxf3 9. Qxf3 Qxe5 10. Nc3 Nf6 11. O-O O-O 12. Bxc6 bxc6 13.
Ne2 Ne4 14. d4 Qe7 15. Rfe1 Rae8 16. Ng3 Qg5 17. c4 Re6 18. Rac1 Rf6 19. Nxe4
dxe4 20. Qxe4 Re6 21. Qf4 Qd8 22. Rf1 Rf6 23. Qg3 Rg6 24. Qe1 Qg5 25. Qd2 Re8
26. Rf3 Rge6 27. Re1 Qd8 28. Rg3 c5 29. d5 c6 30. Qc3 Re5 31. Rd1 f6 32. d6 Qd7
33. Rd3 R8e6 34. Qd2 f5 35. Rf3 Rf6 36. g3 Ree6 37. Qc2 g6 38. Rf2 Rxd6 39.
Rfd2 Rxd3 40. Qxd3 Qe8 41. Qd8 Qxd8 42. Rxd8+ Kg7 43. Kf2 Rf7 44. Rc8 a5 45.
Rxc6 a4 46. Rxc5 axb3 47. axb3 Rb7 48. Rb5 Ra7 49. h4 Kf7 50. Kf3 Re7 51. Kf4
h6 52. b4 Re4+ 53. Kf3 Rxc4 54. Rb6 Re4 55. b5 Rb4 56. Rb7+ Kg8 57. b6 g5 58.
hxg5 hxg5 59. g4 Rxg4 60. Rc7 Rb4 61. b7 g4+ 62. Kg3 Rb3 63. Rc8+ Kf7 64. b8=Q
Rxe3+ 65. Kf4 Re5 66. Kg5 g3 67. Qb7+ Re7 68. Qd5+ Re6 69. Rc7+ 1-0

[Event "19e tournoi de Noël"]
[Site "Montigny le Bretonneux"]
[Date "2018.12.28"]
[Round "3.18"]
[White "Darnet, Ninon"]
[Black "Longbien, Dominique"]
[Result "1-0"]
[WhiteElo "1162"]
[BlackElo "1468"]
[Annotator "Rivier,Sylvain"]
[PlyCount "123"]
[EventDate "2018.??.??"]

{Partie italienne} 1. e4 e5 2. Nf3 Nc6 3. Bc4 Bc5 4. Nc3 Nf6 5. d3 h6 6. a3 a6
7. O-O b5 8. Bb3 Bb7 9. Be3 Qe7 10. h3 O-O 11. Qd2 Bxe3 12. Qxe3 Rad8 13. Rfe1
Rfe8 14. Bd5 Rc8 15. d4 exd4 16. Nxd4 Nxd5 17. Nxd5 Qe5 18. Nxc6 Bxc6 19. Nc3
f5 20. f4 Qf6 21. Qd3 Qh4 22. Qe3 Re6 23. e5 Rce8 24. Ne2 Rg6 25. Qc3 Ree6 26.
g3 Qxh3 27. Kf2 Qh2+ 28. Ke3 Qg2 29. Rf1 Kh8 30. Rae1 Bd5 31. Qd3 Re7 32. Qxf5
Kh7 33. Rf2 Qe4+ 34. Qxe4 Bxe4 35. Kxe4 d6 36. Nd4 Rg4 37. Kf3 h5 38. Rh1 g6
39. exd6 cxd6 40. Rfh2 Kh6 41. Rh4 Rxh4 42. Rxh4 d5 43. g4 Re4 44. c3 Re1 45.
gxh5 gxh5 46. Nf5+ Kg6 47. Ng3 Rb1 48. Rxh5 Rxb2 49. Rg5+ Kh6 50. Nf5+ Kh7 51.
Nd4 Rb1 52. Rxd5 Ra1 53. Rd7+ Kg8 54. Ra7 Rxa3 55. Nxb5 Rb3 56. Nd4 Rxc3+ 57.
Ke4 Ra3 58. Kf5 Ra5+ 59. Kf6 Ra4 60. Kg6 Kf8 61. Ne6+ Ke8 62. Kf6 1-0

[Event "19e tournoi de Noël"]
[Site "Montigny le Bretonneux"]
[Date "2018.12.28"]
[Round "3.19"]
[White "Boucher, Francis"]
[Black "Chaintreau, Cedric"]
[Result "0-1"]
[WhiteElo "1148"]
[BlackElo "1399"]
[Annotator "Rivier,Sylvain"]
[PlyCount "64"]
[EventDate "2018.??.??"]

{Gambit dame accepté} 1. d4 d5 2. c4 dxc4 3. Nf3 e6 4. e3 f6 5. Bxc4 Ne7 6. Nc3
Nbc6 7. Qc2 Qd7 8. b3 b6 9. Bb2 Bb7 10. Ba3 g5 11. h3 h5 12. O-O-O O-O-O 13.
Bd3 Kb8 14. Kb1 Rh6 15. Bb5 a6 16. Bd3 h4 17. Qe2 Ka7 18. Qf1 Nd5 19. Nxd5 Bxa3
20. Nc3 Nb4 21. Bc4 Rhh8 22. Be2 Qc6 23. Qe1 Rhf8 24. Rd2 e5 25. Rd1 Rd7 26.
dxe5 Rxd1+ 27. Bxd1 Nd3 28. Qd2 Rd8 29. Nd4 Qxg2 30. Bf3 Bxf3 31. Nxf3 Qxh1+
32. Kc2 Nb4# 0-1

[Event "19e tournoi de Noël"]
[Site "Montigny le Bretonneux"]
[Date "2018.12.28"]
[Round "3.20"]
[White "Chaintreau, Maxime"]
[Black "Rafalimanana, Hary"]
[Result "1-0"]
[WhiteElo "1318"]
[BlackElo "1162"]
[Annotator "Rivier,Sylvain"]
[PlyCount "65"]
[EventDate "2018.??.??"]

{Défense Grünfeld} 1. d4 g6 2. c4 Bg7 3. Nf3 d5 4. Nc3 Nf6 5. Bg5 Bg4 6. Bxf6
Bxf6 7. cxd5 Bxf3 8. gxf3 O-O 9. e4 c5 10. dxc6 Nxc6 11. d5 Ne5 12. f4 Nd7 13.
e5 Bg7 14. Rc1 Qa5 15. Bb5 Nb6 16. a3 Rad8 17. Ra1 Rxd5 18. b4 Rxd1+ 19. Kxd1
Qxb5 20. Nxb5 a6 21. Nc3 Nc4 22. Ke2 f6 23. e6 f5 24. Rac1 Nxa3 25. Nd5 Re8 26.
Rc7 Kf8 27. Rhc1 Nb5 28. Rxb7 Nd6 29. Ra7 Ne4 30. f3 Nf6 31. Nb6 Nh5 32. Ke3
Rb8 33. Nd7+ 1-0

[Event "19e tournoi de Noël"]
[Site "Montigny le Bretonneux"]
[Date "2018.12.28"]
[Round "3.21"]
[White "Charalambides, Tom"]
[Black "Touiller, Wiktor"]
[Result "0-1"]
[WhiteElo "1040"]
[BlackElo "1299"]
[Annotator "Rivier,Sylvain"]
[PlyCount "29"]
[EventDate "2018.??.??"]

{Défense scandinave} 1. e4 d5 2. Nf3 dxe4 3. Ng1 Nf6 4. Nc3 e6 5. d3 Bb4 6. a3
Bxc3+ 7. bxc3 exd3 8. cxd3 c5 9. Be2 e5 10. Nf3 Nc6 11. Bb2 e4 12. dxe4 Qxd1+
13. Rxd1 Nxe4 14. O-O Bg4 15. Rd3 {les Noirs ont ensuite joué un coup interdit
: 0-0-0} 0-1

[Event "19e tournoi de NoÃ«l"]
[Site "Montigny le Bretonneux"]
[Date "2018.12.28"]
[Round "4.1"]
[White "Fruchard, Cyrille"]
[Black "Benbakir, Chouaib"]
[Result "1-0"]
[WhiteElo "2265"]
[BlackElo "1828"]
[Annotator "Rivier,Sylvain"]
[PlyCount "108"]
[EventDate "2018.??.??"]

{DÃ©fense est-indienne, variante SÃ¤misch} 1. d4 Nf6 2. c4 d6 3. Nc3 g6 4. e4
Bg7 5. f3 O-O 6. Be3 Nbd7 7. Bd3 a6 8. Nge2 c5 9. Qd2 cxd4 10. Nxd4 Ne5 11. Be2
Qc7 12. b3 Bd7 13. O-O Rac8 14. Rac1 Qd8 15. h3 Nc6 16. f4 Nxd4 17. Bxd4 Bc6
18. e5 Ne8 19. Qe3 e6 20. Kh2 Qc7 21. Nd5 exd5 22. cxd5 dxe5 23. Bxe5 Bxe5 24.
fxe5 Ng7 25. dxc6 bxc6 26. Bxa6 Ra8 27. Bb5 Rxa2 28. Bxc6 Ra5 29. Rfe1 Nf5 30.
Qc3 Rc8 31. b4 Ra6 32. b5 Rb6 33. Qa1 Ne7 34. Bf3 Qb8 35. Rxc8+ Qxc8 36. Qa7
Qc5 37. e6 Qd6+ 38. Kh1 fxe6 39. Rd1 Qc5 40. Qa8+ Kg7 41. Qa1+ Kf7 42. Qh8 Rxb5
43. Qxh7+ Kf6 44. Qh8+ Kf7 45. Bg4 Qe5 46. Qh7+ Ke8 47. Rf1 Kd7 48. Qf7 Rb6 49.
Rc1 Rd6 50. Rb1 Qe4 51. Ra1 Qd4 52. Re1 Qd5 53. Qf2 Qd4 54. Bxe6+ Kc7 1-0

[Event "19e tournoi de Noël"]
[Site "Montigny le Bretonneux"]
[Date "2018.12.28"]
[Round "4.2"]
[White "Imbert, Christophe"]
[Black "Divies, Renaud"]
[Result "1-0"]
[WhiteElo "1978"]
[BlackElo "2021"]
[Annotator "Rivier,Sylvain"]
[PlyCount "109"]
[EventDate "2018.??.??"]

{Défense sicilienne, variante Paulsen} 1. e4 c5 2. Nf3 e6 3. d4 cxd4 4. Nxd4 a6
5. Bd3 Nc6 6. Nb3 Nf6 7. O-O d5 8. exd5 Nxd5 9. c3 Bd6 10. Qh5 Nf4 11. Bxf4
Bxf4 12. Be4 Qg5 13. Qxg5 Bxg5 14. f4 Bd8 15. N1d2 Bc7 16. Nc4 Ke7 17. Rae1 g6
18. f5 gxf5 19. Bxc6 bxc6 20. Rxf5 Rb8 21. Rc5 Bb6 22. Nxb6 Rxb6 23. Rd1 f6 24.
Nd4 Bd7 25. b4 e5 26. Nb3 Rb5 27. a4 Rxc5 28. Nxc5 Bc8 29. a5 h5 30. Kf2 Rg8
31. Rd2 Rg4 32. Ke3 h4 33. Rf2 f5 34. Rd2 Rg6 35. Nd3 Re6 36. g3 hxg3 37. hxg3
Rg6 38. Nxe5 Rxg3+ 39. Kd4 Kf6 40. Nxc6 Bb7 41. Ne5 f4 42. Rf2 Kf5 43. c4 Rb3
44. Nd3 f3 45. Nc5 Rxb4 46. Nxb7 Rxb7 47. Rxf3+ Ke6 48. Rh3 Rd7+ 49. Kc3 Ke5
50. Rh6 Ra7 51. Kb4 Kd4 52. Rd6+ Ke5 53. Rd8 Rb7+ 54. Kc3 Ke6 55. Ra8 1-0

[Event "19e tournoi de Noël"]
[Site "Montigny le Bretonneux"]
[Date "2018.12.28"]
[Round "4.3"]
[White "Delmas-Goyon, Francois"]
[Black "Drouot, Frederic"]
[Result "1-0"]
[WhiteElo "1887"]
[BlackElo "1987"]
[Annotator "Rivier,Sylvain"]
[PlyCount "47"]
[EventDate "2018.??.??"]

{Défense Pirc} 1. e4 d6 2. d4 Nf6 3. Bd3 e5 4. c3 Be7 5. h3 O-O 6. Nf3 exd4 7.
cxd4 Re8 8. O-O h6 9. Nc3 Nc6 10. Be3 Bf8 11. Rc1 Nb4 12. Bb1 a5 13. a3 Na6 14.
Qc2 g6 15. Rcd1 Bg7 16. e5 Nh7 17. Qc1 h5 18. Ng5 dxe5 19. dxe5 Qe7 20. Nxh7
Kxh7 21. f4 c6 22. Ne4 Nc7 23. Bc5 Qh4 24. g3 1-0

[Event "19e tournoi de NoÃ«l"]
[Site "Montigny le Bretonneux"]
[Date "2018.12.28"]
[Round "4.4"]
[White "Artieres, Michel"]
[Black "Verat-Fayolle, Celian"]
[Result "0-1"]
[WhiteElo "1760"]
[BlackElo "1935"]
[Annotator "Rivier,Sylvain"]
[PlyCount "118"]
[EventDate "2018.??.??"]

{Partie espagnole} 1. e4 e5 2. Nf3 Nc6 3. Bb5 Nge7 4. O-O g6 5. d4 exd4 6. Nxd4
Bg7 7. c3 O-O 8. Be3 Nxd4 9. Bxd4 Nc6 10. Bxg7 Kxg7 11. Nd2 Qg5 12. Ba4 d6 13.
Nf3 Qf6 14. Nd4 Ne5 15. Qe2 Bd7 16. Bxd7 Nxd7 17. Rad1 Rfe8 18. Nb5 Qd8 19. Qe3
a6 20. Nd4 Qh4 21. f4 Nc5 22. Nf3 Qe7 23. e5 Nd7 24. Qd4 Kg8 25. exd6 Qxd6 26.
Qxd6 cxd6 27. Rxd6 Nc5 28. Rfd1 Re2 29. Rd8+ Rxd8 30. Rxd8+ Kg7 31. Rd2 Rxd2
32. Nxd2 Na4 33. b3 Nxc3 34. a4 Ne2+ 35. Kf2 Nxf4 36. Kf3 Ne6 37. Ke4 Kf6 38.
a5 Ke7 39. g3 Kd6 40. Nc4+ Kc5 41. Ne5 f5+ 42. Kd3 Kb4 43. Nc4 Kxb3 44. Nd6 Kb4
45. Nc4 Nc5+ 46. Kd4 Nb3+ 47. Kd5 Nxa5 48. Nd6 Nc6 49. Nxb7 Ne7+ 50. Ke6 Nc6
51. Kf7 Ne5+ 52. Kf6 Ng4+ 53. Kg7 Nxh2 54. Kxh7 g5 55. Kg6 f4 56. gxf4 gxf4 57.
Nd6 f3 58. Ne4 Ng4 59. Kg5 f2 0-1

[Event "19e tournoi de Noël"]
[Site "Montigny le Bretonneux"]
[Date "2018.12.28"]
[Round "4.5"]
[White "Brouard, Gregoire"]
[Black "Vadillo, Torre Ismael"]
[Result "1-0"]
[WhiteElo "2019"]
[BlackElo "1616"]
[Annotator "Rivier,Sylvain"]
[PlyCount "49"]
[EventDate "2018.??.??"]

{Gambit dame} 1. d4 Nf6 2. c4 e6 3. Nc3 d5 4. cxd5 exd5 5. Bg5 Be7 6. e3 O-O 7.
Bd3 Nc6 8. Rc1 Re8 9. Nge2 h6 10. Bf4 Nh5 11. O-O Bg4 12. f3 Be6 13. Bb1 Bg5
14. Qd3 g6 15. g4 Nf6 16. Bxg5 hxg5 17. h3 Kg7 18. e4 dxe4 19. fxe4 Bc8 20.
Rcd1 Nb4 21. Qc4 a5 22. a3 Nc6 23. e5 Nh7 24. Qxf7+ Kh6 25. Qxg6# 1-0

[Event "19e tournoi de NoÃ«l"]
[Site "Montigny le Bretonneux"]
[Date "2018.12.28"]
[Round "4.6"]
[White "Claisse, Patrick"]
[Black "Couradin, Jean-Marie"]
[Result "1/2-1/2"]
[WhiteElo "1748"]
[BlackElo "1563"]
[Annotator "Rivier,Sylvain"]
[PlyCount "121"]
[EventDate "2018.??.??"]

{DÃ©fense franÃ§aise, variante Tarrasch fermÃ©e} 1. e4 e6 2. d4 d5 3. Nd2 Nf6
4. e5 Nfd7 5. Bd3 c5 6. c3 Nc6 7. Ne2 cxd4 8. cxd4 Be7 9. O-O O-O 10. a3 f6 11.
f4 fxe5 12. fxe5 Rxf1+ 13. Kxf1 Qf8+ 14. Nf3 Qf7 15. Be3 Nf8 16. Rc1 Bd7 17.
Qe1 Ng6 18. Kg1 Rf8 19. Qg3 Be8 20. Rf1 Kh8 21. Qg4 Ncxe5 22. dxe5 Nxe5 23. Qd4
Nxd3 24. Qxd3 a6 25. Nc3 Qh5 26. Bd4 Kg8 27. Ne5 Rxf1+ 28. Qxf1 Bf6 29. Qf4 Bg5
30. Qf3 Qh6 31. Bc5 Bf6 32. Nd3 Bc6 33. Qf4 Qxf4 34. Nxf4 d4 35. Nd1 e5 36. Ne2
d3 37. Nec3 e4 38. Be3 Kf7 39. Nf2 Bxc3 40. bxc3 Ke6 41. Kf1 Kd5 42. Ke1 Kc4
43. Kd2 h6 44. g3 h5 45. Nh3 Kb3 46. Bc5 b6 47. Bf8 g6 48. Nf4 Be8 49. Ne6 Bd7
50. Nd4+ Kc4 51. Bh6 a5 52. Bf4 Bg4 53. Bc7 Kc5 54. Bf4 Bd7 55. Be3 Kd5 56. Bg5
Kc4 57. Bf4 b5 58. Be3 b4 59. cxb4 axb4 60. axb4 Kxb4 61. Bf2 1/2-1/2

[Event "19e tournoi de Noël"]
[Site "Montigny le Bretonneux"]
[Date "2018.12.28"]
[Round "4.7"]
[White "Mongey, Alain"]
[Black "Plantet, Marc"]
[Result "0-1"]
[WhiteElo "1573"]
[BlackElo "1745"]
[Annotator "Rivier,Sylvain"]
[PlyCount "44"]
[EventDate "2018.??.??"]

{Gambit dame, variante Tartacover} 1. d4 Nf6 2. Nf3 e6 3. Bg5 Be7 4. e3 b6 5.
c4 Bb7 6. Nc3 O-O 7. Be2 d5 8. O-O h6 9. Bh4 Nbd7 10. a3 c5 11. dxc5 Nxc5 12.
Rc1 Rc8 13. b4 Nce4 14. Nxe4 Nxe4 15. Bxe7 Qxe7 16. cxd5 Bxd5 17. Qd3 Rc7 18.
Rxc7 Qxc7 19. Qd4 Rd8 20. Qb2 Qc3 21. Qxc3 Nxc3 22. Bd1 Bc4 0-1

[Event "19e tournoi de Noël"]
[Site "Montigny le Bretonneux"]
[Date "2018.12.28"]
[Round "4.8"]
[White "Fayolle, Guy"]
[Black "Masson, Guillaume"]
[Result "1-0"]
[WhiteElo "1683"]
[BlackElo "1553"]
[Annotator "Rivier,Sylvain"]
[PlyCount "49"]
[EventDate "2018.??.??"]

{Défense Petroff} 1. e4 e5 2. Nf3 Nf6 3. Nxe5 d6 4. Nf3 Nxe4 5. d4 d5 6. Bd3
Be7 7. Qe2 O-O 8. Bxe4 dxe4 9. Qxe4 Bb4+ 10. c3 Re8 11. Ne5 Bf8 12. O-O f6 13.
f4 fxe5 14. fxe5 c6 15. Nd2 Be6 16. Nf3 Bd5 17. Qf4 Be7 18. Qg4 Qd7 19. Qg3
Bxf3 20. Rxf3 Rf8 21. Bh6 Bd8 22. Rxf8+ Kxf8 23. Rf1+ Kg8 24. e6 Qc7 25. Qg4
1-0

[Event "19e tournoi de Noël"]
[Site "Montigny le Bretonneux"]
[Date "2018.12.28"]
[Round "4.9"]
[White "Chaintreau, Thomas"]
[Black "Rouast, Joseph"]
[Result "1/2-1/2"]
[WhiteElo "1402"]
[BlackElo "1648"]
[Annotator "Rivier,Sylvain"]
[PlyCount "57"]
[EventDate "2018.??.??"]

{Défense bogo-indienne} 1. d4 Nf6 2. c4 e6 3. Nf3 Bb4+ 4. Bd2 Qe7 5. a3 Bxd2+
6. Nbxd2 O-O 7. e4 d6 8. Be2 e5 9. d5 Bg4 10. Qb3 Nbd7 11. O-O a5 12. Qc2 a4
13. b4 axb3 14. Nxb3 Ra7 15. Ra2 Rfa8 16. Rfa1 Bxf3 17. Bxf3 Nc5 18. Nxc5 dxc5
19. Qc3 Ne8 20. Bd1 Nd6 21. Bc2 b6 22. Qd3 Nb7 23. Rf1 Nd6 24. f4 exf4 25. Rxf4
Qe5 26. Rf2 Qd4 27. e5 Qxd3 28. Bxd3 Ne8 29. Rf3 1/2-1/2

[Event "19e tournoi de Noël"]
[Site "Montigny le Bretonneux"]
[Date "2018.12.28"]
[Round "4.10"]
[White "Couradin, Bruno"]
[Black "Wu, Clara"]
[Result "0-1"]
[WhiteElo "1610"]
[BlackElo "1517"]
[Annotator "Rivier,Sylvain"]
[PlyCount "76"]
[EventDate "2018.??.??"]

{Défense sicilienne} 1. e4 c5 2. Nf3 g6 3. d4 cxd4 4. Qxd4 Nf6 5. Nc3 Nc6 6.
Qd1 d6 7. Bb5 Bd7 8. O-O Bg7 9. Re1 O-O 10. e5 dxe5 11. Nxe5 Nxe5 12. Rxe5 Bxb5
13. Rxb5 Qxd1+ 14. Nxd1 Rfd8 15. Nc3 Ne4 16. Be3 Nxc3 17. bxc3 Bxc3 18. Rab1 b6
19. g3 Rd7 20. R1b3 Bg7 21. Ra3 Rc8 22. Rd3 Rdc7 23. Rbd5 Rf8 24. Rd2 h5 25.
Rd7 Rfc8 26. Rd8+ Rxd8 27. Rxd8+ Kh7 28. Rd2 e6 29. f4 Bc3 30. Re2 Kg7 31. Kf2
Rd7 32. Kf3 Rd1 33. Ke4 Ra1 34. Kd3 Bf6 35. c4 Rd1+ 36. Kc2 Rd7 37. Kb3 Rd3+
38. Kc2 Rc3+ 0-1

[Event "19e tournoi de NoÃ«l"]
[Site "Montigny le Bretonneux"]
[Date "2018.12.28"]
[Round "4.11"]
[White "Fruchard, Alois"]
[Black "Suinot, Laurent"]
[Result "1/2-1/2"]
[WhiteElo "1411"]
[BlackElo "1712"]
[Annotator "Rivier,Sylvain"]
[PlyCount "133"]
[EventDate "2018.??.??"]

{DÃ©fense vieille Benoni} 1. d4 c5 2. d5 Na6 3. c4 Nf6 4. Nc3 d6 5. Nf3 Nc7 6.
e4 e6 7. Bg5 Be7 8. Qd2 h6 9. Bf4 exd5 10. cxd5 Bg4 11. Be2 a6 12. a4 Nd7 13.
h3 Bh5 14. O-O O-O 15. Rfe1 f6 16. g4 Be8 17. Bg3 g5 18. Nh2 Kg7 19. Nf1 Ne5
20. Ne3 Bd7 21. Kg2 Qe8 22. Nf5+ Bxf5 23. exf5 Qd7 24. f4 Nf7 25. Bf1 Rae8 26.
Re4 Bd8 27. Rae1 Rxe4 28. Rxe4 Re8 29. Qe3 Rxe4 30. Qxe4 Qe8 31. Qxe8 Nxe8 32.
Bd3 Ba5 33. Kf3 Nc7 34. Ke4 Kf8 35. Bc4 Ke7 36. Bb3 Na8 37. Nb1 b5 38. axb5
axb5 39. Na3 Nc7 40. Bd1 Bb4 41. Be2 Bxa3 42. bxa3 Nd8 43. fxg5 hxg5 44. h4
gxh4 45. Bxh4 Nf7 46. Bf1 Ng5+ 47. Bxg5 fxg5 48. Be2 c4 49. Kd4 Ne8 50. Bf3 Nf6
51. a4 bxa4 52. Kxc4 a3 53. Kb3 a2 54. Kxa2 Kd7 55. Kb3 Kc7 56. Ka4 Kb6 57. Kb4
Nd7 58. Be2 Kc7 59. Kb5 Nf6 60. Bf3 Kd7 61. Kb6 Ke7 62. Kc6 Ne8 63. Bg2 Nf6 64.
Bf3 Nd7 65. Kc7 Nf6 66. Kc6 Ne8 67. Be2 1/2-1/2

[Event "19e tournoi de Noël"]
[Site "Montigny le Bretonneux"]
[Date "2018.12.28"]
[Round "4.12"]
[White "Saint-Leger, Stephane"]
[Black "Privat, Jean-Claude"]
[Result "1/2-1/2"]
[WhiteElo "1399"]
[BlackElo "1602"]
[Annotator "Rivier,Sylvain"]
[PlyCount "34"]
[EventDate "2018.??.??"]

{Début Reti} 1. b3 d5 2. Bb2 e6 3. Nf3 Nf6 4. e3 Nbd7 5. c4 c6 6. Be2 Bd6 7. d4
O-O 8. Nbd2 Qe7 9. O-O e5 10. dxe5 Nxe5 11. cxd5 Nxd5 12. Nxe5 Bxe5 13. Bxe5
Qxe5 14. Nf3 Qe7 15. Qd2 Bf5 16. Rfd1 Rad8 17. Qb2 Nf6 1/2-1/2

[Event "19e tournoi de Noël"]
[Site "Montigny le Bretonneux"]
[Date "2018.12.28"]
[Round "4.13"]
[White "Appavou, Calixte"]
[Black "Plancade, Philajit"]
[Result "1-0"]
[WhiteElo "1714"]
[BlackElo "1154"]
[Annotator "Rivier,Sylvain"]
[PlyCount "134"]
[EventDate "2018.??.??"]

{Partie écossaise()} 1. e4 e5 2. Nf3 Nc6 3. d4 exd4 4. Nxd4 Nxd4 5. Qxd4 d6 6.
Bc4 Be6 7. Bxe6 fxe6 8. O-O Qf6 9. Qa4+ c6 10. Nc3 Be7 11. Be3 Nh6 12. e5 dxe5
13. Ne4 Qg6 14. f3 O-O 15. Rad1 Nf5 16. Bf2 Qe8 17. Qb3 Qc8 18. c3 Bh4 19. Bxh4
Nxh4 20. Rd6 Re8 21. Rfd1 Nf5 22. Rd7 Re7 23. Nc5 b6 24. Rxe7 Nxe7 25. Nxe6 Nd5
26. Ng5 h6 27. Ne4 Kh8 28. c4 Nf4 29. Rd2 Qe6 30. Qc2 Rc8 31. b3 b5 32. c5 Nd5
33. Nd6 Rd8 34. Qe4 a5 35. h3 Rf8 36. Qg4 Qxg4 37. hxg4 a4 38. Re2 Nb4 39. a3
Nd3 40. b4 Kh7 41. Re3 Nf4 42. Rxe5 Ng6 43. Re3 Rf4 44. Ne4 Rf7 45. Kf2 Ne5 46.
Ng5+ hxg5 47. Rxe5 Kg6 48. Re6+ Rf6 49. Rxf6+ Kxf6 50. Ke3 Ke5 51. g3 Kd5 52.
Kd3 Ke5 53. Kc3 Kd5 54. Kd3 Ke5 55. Kc3 Kd5 56. f4 gxf4 57. gxf4 Ke4 58. f5 Kf4
59. Kd4 Kxg4 60. Ke5 Kg5 61. Kd6 Kxf5 62. Kxc6 Ke5 63. Kb7 g5 64. c6 g4 65. c7
g3 66. c8=Q Kf4 67. Qc4+ Kf3 {suite illisible} 1-0